| 000 | 00458nam a22001337a 4500 | ||
|---|---|---|---|
| 040 | _cNUST | ||
| 082 | _a200 THE | ||
| 100 |
_aSyed Imran Moazzam Shah _9109104 |
||
| 110 |
_aThesis Supervisor: Dr. Umar Shahbaz Khan _9109105 |
||
| 245 | _aTH-SOF-2134-Efficient Classification Of Weeds In Crops For Autonomous Spray Application | ||
| 260 |
_aISLAMABAD: _bNUST COLLEGE OF EME, _c2023. |
||
| 650 |
_aPhD MECHATRONICS ENGINEERING-2023 _9109106 |
||
| 942 |
_2ddc _cTHE |
||
| 999 |
_c593305 _d593305 |
||